|
|
|
|
| LEADER |
01296nam a2200325 a 4500 |
| 001 |
2490273 |
| 008 |
100106s1991 nyu b 000 0 eng d |
| 010 |
|
|
|a \\\91072601
|
| 020 |
|
|
|a 1564320103 (pbk.)
|
| 040 |
|
|
|a OCU-L
|c OCU-L
|d OCoLC
|d DLC
|d BD-DhAAL
|
| 082 |
0 |
0 |
|a 323/.044/0954913
|2 20
|
| 100 |
1 |
|
|a Goldston, James.
|
| 245 |
1 |
0 |
|a Human rights in India :
|b Kashmir under siege /
|c by James A. Goldston and Patricia Gossman.
|
| 260 |
|
|
|a New York :
|b Human Rights Watch,
|c c1991.
|
| 300 |
|
|
|a 161 p. ;
|c 23 cm.
|
| 490 |
0 |
|
|a An Asia watch report
|
| 500 |
|
|
|a "Written by James A. Goldston and Patricia Gossman"--Ack.
|
| 500 |
|
|
|a "May 1991."
|
| 500 |
|
|
|a Cover title: Kashmir under siege.
|
| 504 |
|
|
|a Includes bibliographical references.
|
| 541 |
1 |
|
|e 00004640
|
| 650 |
|
0 |
|a Human rights
|z India
|z Jammu and Kashmir.
|
| 650 |
|
0 |
|a Atrocities
|z India
|z Jammu and Kashmir.
|
| 700 |
1 |
|
|a Gossman, Patricia.
|
| 710 |
2 |
|
|a Asia Watch Committee (U.S.)
|
| 710 |
2 |
|
|a Human Rights Watch (Organization)
|
| 740 |
0 |
|
|a Kashmir under siege.
|
| 852 |
4 |
|
|a Ayesha Abed Library
|j General shelf
|
| 999 |
|
|
|c 6732
|d 6732
|
| 952 |
|
|
|0 0
|1 0
|2 ddc
|4 0
|6 323_044095491300000_GOL_1991
|7 0
|9 6913
|a BRACUL
|b BRACUL
|c GEN
|d 2010-01-06
|g 0.00
|l 0
|o 323.0440954913 GOL
|p 3010004640
|r 2010-01-06
|t 1
|w 2010-01-06
|y BK
|z Not price in Register
|